000 00396 a2200121 4500
001 ART_10262
005 20260410161840.0
008 260409a
245 1 0 _aEl proceso de crecimiento, asociación e integración empresaria
100 1 _aWajchman, Mauricio
700 1 _aWajchman, Bernardo
773 0 _tContabilidad y administración
_g- Año 7, Nº 83 (may. 1984)
_wREV5485
999 _c23990
_d23990